000 00492nam a2200193Ia 4500
005 20240104092501.0
008 131103s9999 xx 000 0 und d
040 _aLoreto College
041 _aEnglish
082 _a891.3
_bBAN
100 _aBanerji,S.C.
245 3 _aAn Introduction to Pali Literature,
_cS.C.Banerji
260 _aCalcutta
_bPuthi Pustak
_c1964
300 _aii,148 p.
504 _aIncludes index
650 _aPali Literature
850 _aLCLIB
942 _cBK
999 _c13771
_d64250